| 000 | 00434nab a2200145Ia 4500 | ||
|---|---|---|---|
| 003 | ES-SlBCS | ||
| 005 | 20210601130450.0 | ||
| 008 | 140529s1947 xxu||||| |||| 00| 0 fre d | ||
| 041 | _afre | ||
| 100 | 1 |
_aForest, Aimé _956942 |
|
| 245 | 0 | 0 |
_aConvergences doctrinales en métaphysique _c Aimé Forest |
| 650 | 0 | 4 |
_aMetafísica _913351 |
| 773 | 0 |
_tGiornali di Metafisica _gvol. 2, nº. 4-5, 1947, págs. 361-372 _w0017-0372 |
|
| 942 | _cAR | ||
| 999 |
_c547137 _d547137 |
||